Affordable homes programme 2015-18 (Record no. 115094)

MARC details
000 -LEADER
fixed length control field 01005cad a22002055a 4500
001 - CONTROL NUMBER
control field L158038
008 - FIXED-LENGTH DATA ELEMENTS--GENERAL INFORMATION
fixed length control field 140131s2014 xxk f 000 0 eng d
035 ## - SYSTEM CONTROL NUMBER
System control number (Sirsi) u158038
041 0# - LANGUAGE CODE
Language code of text/sound track or separate title eng
110 2# - MAIN ENTRY--CORPORATE NAME
Corporate name or jurisdiction name as entry element United Kingdom
Subordinate unit Homes and Communities Agency
9 (RLIN) 5686
245 00 - TITLE STATEMENT
Title Affordable homes programme 2015-18
Remainder of title Prospectus
260 ## - PUBLICATION, DISTRIBUTION, ETC.
Place of publication, distribution, etc. London
Name of publisher, distributor, etc. HCA
Date of publication, distribution, etc. 2014
520 ## - SUMMARY, ETC.
Summary, etc. Seeks to increase the supply of new affordable homes in England by contributing to the delivery of 165 000 new homes by March 2018. These will include both general needs housing and other types of housing. The publication of the Prospectus signals the start of the bid round which will close at on 30 April 2014.
590 ## - LOCAL NOTE (RLIN)
Local note KA
651 #4 - SUBJECT ADDED ENTRY--GEOGRAPHIC NAME
Geographic name England and Wales
Chronological subdivision 1543-
690 ## - LOCAL SUBJECT ADDED ENTRY--TOPICAL TERM (OCLC, RLIN)
Topical term or geographic name as entry element Residential property
9 (RLIN) 6266
690 ## - LOCAL SUBJECT ADDED ENTRY--TOPICAL TERM (OCLC, RLIN)
Topical term or geographic name as entry element Planning and development
9 (RLIN) 6259
856 40 - ELECTRONIC LOCATION AND ACCESS
Uniform Resource Identifier <a href="https://www.homesandcommunities.co.uk/sites/default/files/our-work/ahp_2015-18.pdf">https://www.homesandcommunities.co.uk/sites/default/files/our-work/ahp_2015-18.pdf</a>
Public note View the item free of charge at www.homesandcommunities.co.uk
942 ## - ADDED ENTRY ELEMENTS (KOHA)
Suppress in OPAC 0
Holdings
Withdrawn status Lost status Source of classification or shelving scheme Damaged status Not for loan Home library Current library Shelving location Date acquired Total Checkouts Full call number Barcode Date last seen Copy number Price effective from Koha item type
    Dewey Decimal Classification     Virtual Virtual Online 31/01/2014   ONLINE PUBLICATION 158038-2001 06/08/2019 1 06/08/2019 Book